Sąsiedzi Polski po angielsku - Statystyki

Ogólne statystyki
  • Ten quiz został rozwiązany 69 razy
  • Średni wynik to 6 z 7
Statystyki odpowiedzi
Sąsiedzi po angielsku % Poprawnych
Germany
96%
Russia
96%
Ukraine
90%
Slovakia
88%
Czechia
84%
Belarus
82%
Lithuania
72%
Nie znaleziono quizów pasujących do podanych kryteriów
Rozkład punktacji
Procent ludzi z każdym wynikiem
Percentyl według liczby udzielonych odpowiedzi
Twoja historia wyników
Nie rozwiązałeś tego quizu